The new dictionary of thoughts: an encyclopedia of quotations (Record no. 364820)

000 -LEADER
fixed length control field 00423cam a22001337a 4500
008 - FIXED-LENGTH DATA ELEMENTS--GENERAL INFORMATION
fixed length control field 180718bn.d. xxu||||| |||| 00| 0 eng d
082 ## - DEWEY DECIMAL CLASSIFICATION NUMBER
Classification number A39 Ed98
245 ## - TITLE STATEMENT
Title The new dictionary of thoughts: an encyclopedia of quotations
Statement of responsibility, etc. edited by Tryon Edwards and Jonathan Edwards
260 ## - PUBLICATION, DISTRIBUTION, ETC.
Place of publication, distribution, etc. London
Name of publisher, distributor, etc. Universal Text Books
Date of publication, distribution, etc. n.d.
300 ## - PHYSICAL DESCRIPTION
Extent 734p.
650 ## - SUBJECT ADDED ENTRY--TOPICAL TERM
Topical term or geographic name entry element Quotations
700 ## - ADDED ENTRY--PERSONAL NAME
Personal name Edwards, Jonathan
700 ## - ADDED ENTRY--PERSONAL NAME
Personal name Edwards, Tryon
Holdings
Withdrawn status Lost status Damaged status Not for loan Permanent Location Current Location Date acquired Full call number Barcode Date last seen Price effective from Koha item type
        Indian Institute of Public Administration Indian Institute of Public Administration 1994-04-13 A39 Ed98 14105 2018-07-21 2018-07-21 Book

Powered by Koha